[Event "EU-Cup 24th"]
[Site "Kallithea"]
[Date "2008.10.21"]
[Round "5"]
[White "Naiditsch, Arkadij"]
[Black "Sargissian, Gabriel"]
[Result "1-0"]
[WhiteElo "2678"]
[BlackElo "2642"]
[Annotator "Stohl,I"]
[PlyCount "99"]
[EventDate "2008.10.17"]
[EventType "team-swiss"]
[EventRounds "7"]
[EventCountry "GRE"]
[SourceTitle "CBM 127"]
[Source "ChessBase"]
[SourceDate "2008.11.13"]
[SourceVersion "1"]
[SourceVersionDate "2008.11.13"]
[SourceQuality "1"]
[WhiteTeam "Baden-Baden"]
[BlackTeam "Erevan MIKA"]
[WhiteTeamCountry "GER"]
[BlackTeamCountry "ARM"]

1. e4 e5 2. Nf3 Nc6 3. Bb5 a6 4. Ba4 Nf6 5. O-O Be7 6. Re1 b5 7. Bb3 O-O 8. c3
d5 9. exd5 Nxd5 10. Nxe5 Nxe5 11. Rxe5 c6 12. d4 Bd6 13. Re1 Qh4 14. g3 Qh3 15.
Be3 {Lately, White has increasingly often been seeking new ideas in the
classical Marshall line, played and analysed already in the 1960s.} ({After} 
15. Qe2 Bg4 {Black seems to be holding his own, one recent example is} 16. Qf1
Rae8 17. Qxh3 Rxe1+ 18. Qf1 Rfe8 19. Bd2 Rxf1+ 20. Kxf1 Bf5 21. Na3 Bd3+ 22.
Kg2 Re2 23. Rd1 Bxa3 24. bxa3 Be4+ 25. Kf1 Bd3 26. Kg1 Nb6 27. Bf4 Bc4 28. Bxc4
Nxc4 29. d5 cxd5 30. Rxd5 Re8 31. Kg2 h6 32. a4 Nb6 $11 {Balogh,C (2624)
-Almasi,Z (2668)/HUN-ch Nyiregyhaza/2008/}) 15... Bg4 16. Qd3 Rae8 17. Nd2 Re6
{An attempt to avoid the following line with} (17... Qh5 {has lately been met
by} 18. Bc2 f5 (18... c5 $5) 19. f3 $1 {and now:} {More generous is} Bh3 (19...
Bxf3 20. Nxf3 Qxf3 21. Bd2 Qxd3 22. Bxd3 f4 23. Rxe8 Rxe8 24. Kf2 $1 fxg3+ 25.
hxg3 c5 26. c4 Nb6 27. cxb5 c4 28. Bf1 axb5 $6 (28... Rf8+ 29. Kg2 axb5 30. Be2
$14) 29. Bg2 Rf8+ 30. Bf3 Be7 31. Ba5 Na4 32. b3 Bf6 33. Kg2 Bxd4 $2 (33... Nb2
$8 $16) 34. Rf1 $1 $18 {Ponomariov,R (2718)-Leko,P (2741)/Moscow/2008/}) 20.
Bf2 Qg6 $5 (20... Qg5 $143 21. Rxe8 Rxe8 22. Re1 Rxe1+ 23. Bxe1 h5 24. Qe2 $1
h4 $2 25. Qe6+ Kh7 26. Nf1 $1 Bxf1 27. Bxf5+ g6 28. Qf7+ Kh6 29. Bd2 $1 Bf4 30.
Qf8+ Kh7 31. Be6 {1-0,Sutovsky,E (2651)-Heimann,A (2428)/ECC Kallithea/2008/})
21. Rxe8 Rxe8 22. Re1 Rxe1+ 23. Bxe1 h5 24. Bb3 Kh7 25. Bf2 (25. Nf1 {was
subsequently suggested by Ponomariov, but} h4 $44 {seems similar.}) 25... Nf4
26. Qe3 h4 27. Nf1 Nd5 28. Qd3 Nf4 29. Qe3 Nd5 30. Qd3 Nf4 31. Qe3 {1/2,
Ponomariov,R (2718)-Gustafsson,J (2620)/ESP-chT Cala Mayor/2008/}) 18. Qf1 $5 {
A new wrinkle, which came into the limelight after Kramnik's pretty win
against Aronian last year.} ({For the older} 18. a4 Qh5 19. axb5 axb5 20. Nf1 {
see my notes to Gashimov-Shirov, Poikovsky 2008 in CBM 125. There I suggested
that the more accurate} Bf5 $5 $44 {holds the balance.}) 18... Qh5 19. f3 Rf6 {
Black decides to avoid simplification for the time being and pursue his
initiative. However, Naiditsch will pinpoint the drawback of the text move.
Other tries are:} (19... Bf5 20. Ne4 Bxe4 21. fxe4 Rxe4 22. Bd1 $5 $146 (22.
Bf2 Rfe8 23. Rxe4 Rxe4 24. Re1 Qg6 25. Rxe4 Qxe4 26. Qe1 Qxe1+ 27. Bxe1 Ne3 28.
Bd2 Nc4 29. Bc1 f5 30. Bc2 g6 31. Kg2 Kf7 32. Kf3 Ke6 $11 {/+/=,Perelshteyn,E 
(2531)-Onischuk,A (2663)/USA-ch Stillwater/2007/ Here Black achieved a better
version of the _|_ from Ponomarjov-Leko above and held the game without undue
exertion.}) 22... Qg6 23. Bc2 f5 (23... Bxg3 24. Bxe4 Qxe4 25. Bf2 Bxf2+ 26.
Qxf2 $16) 24. Bd2 $1 (24. Bxe4 fxe4 $44 {[%cal Rf8f3] /\Rf3}) 24... Rg4 ({
Possibly more reasonable was the modest} 24... Rxe1 25. Rxe1 $14) 25. Re2 Rf6
$6 (25... Qh5 {/\f4} 26. Bd1 $5 {[%csl Rg4] צg4}) 26. Rae1 $36 {[%cal Ge1e8]
<->e} Qf7 27. Re8+ Bf8 28. Rd8 Re4 29. Bxe4 fxe4 30. Qg2 e3 31. Bxe3 Qe7 32.
Rxd5 $18 {Bacrot,E (2705)-Jakovenko,D (2737)/ECC Kallithea/2008/}) (19... Nxe3
20. Qf2 Nd5 21. fxg4 Qxg4 22. Qf3 Qg6 $5 (22... Qxf3 23. Nxf3 h6 (23... Rfe8
24. Rxe6 Rxe6 25. a4 $14 {Marin}) 24. Rxe6 fxe6 25. Nd2 a5 26. a4 b4 27. c4 Nc7
28. Bc2 c5 29. Ne4 $36 {Naiditsch,A (2665)-Ivanisevic,I (2664)/SRB-chT
Subotica/2008/}) (22... Qg5 23. Rxe6 fxe6 24. Ne4 Qg6 {A more recent try is}
25. Qd3 $5 (25. Qe2 Bf4 (25... Nf4 26. Qc2 Nh3+ $2 (26... Be7 $14) 27. Kg2 Qg4
28. Bxe6+ $1 Qxe6 29. Qb3 $1 Nf4+ 30. gxf4 Qxb3 31. axb3 Bxf4 32. Rxa6 $18 {
Kramnik,V (2772)-Aronian,L (2759)/Yerevan m rpd/2007/}) 26. Kh1 Be3 27. Bc2 e5
(27... Qf5 $5 $132) 28. dxe5 Qe6 29. Bb3 Bb6 30. Ng5 Qg6 31. h4 Rf2 32. Qg4 h6
33. Qc8+ Rf8 34. Qe6+ Qxe6 35. Nxe6 $14 {Pushkarev,D (2369)-Matvienko,I (2247)/
Khanty Mansyisk/2007/}) 25... Be7 26. Re1 Qf5 27. Qe2 e5 28. dxe5 Qxe5 29. Nd2
Qxe2 (29... Bc5+ $5 30. Kh1 Qxe2 31. Rxe2 Rf2 32. Rxf2 Bxf2 33. Nf3 Kf8 34. Ne5
Ne7 35. Kg2 Ba7 $14 {/=}) 30. Rxe2 Re8 31. Kf1 Kf8 32. Re6 Rd8 33. Nf3 Rd6 34.
Nd4 b4 35. Rxd6 Bxd6 36. Bxd5 cxd5 37. cxb4 Bxb4 38. Ne6+ Kf7 39. Nc7 $16 {
Naiditsch,A (2678)-Onischuk,A (2644)/ECC Kallithea/2008/}) 23. Rxe6 Qxe6 (23...
fxe6 24. Qe4 Bxg3 25. Qxg6 Bf2+ 26. Kg2 hxg6 27. Nf3 Be3 28. Re1 Bh6 29. Ne5
$14) 24. Qe4 Re8 25. Re1 {1/2,Kalinin,A (2568)-Moll,R (2492)/corr/2007/} Qxe4
26. Nxe4 Kf8 $11 {/+/= is mentioned already by Marin in his notes to Kramnik's
game as only symbolically worse - with reasonable care Black should be able to
hold and this seems to be his best option.}) 20. Qg2 $1 $146 {[%mdl 8] A
novelty, which is however strongly advocated by Rybka and typical for the
whole 18.Qf1!? line - White strives to quench Black's |^ by returning the
extra P in order to simplify the position.} (20. Qe2 $6 {is not ideal, as after
} Bxf3 21. Nxf3 Rxf3 {White was almost forced to play the undesirable} 22. Bxd5
(22. Bf2 $2 {/\Bd1} Nf4 $1 23. gxf4 Bxf4 $40) (22. Bd1 $2 Bxg3 $17) 22... Qxd5
23. Bf2 Rf6 24. b3 Qf5 25. Rad1 h5 26. Rd3 h4 27. Re3 Rg6 $36 {Anand,V (2798)
-Ivanchuk,V (2781)/Bilbao/2008/}) (20. Bd1 Re8 21. Bf4 Rxe1 22. Qxe1 Re6 23.
Be5 Bh3 $5 (23... Bxe5 24. dxe5 Bf5 25. f4 $16 {Becker,M-Henao,L/corr/1995/ is
possibly the first game with the 18.Qf1 and 19.f3 idea.}) 24. Qf2 (24. f4 Qh6
25. Qf2 Bf8 $5 $13) 24... Bxe5 25. f4 Bxd4 26. Bxh5 Bxf2+ 27. Kxf2 Nf6 28. Bf3
Kf8 29. Re1 Rd6 $11 {Jakovenko,D (2710)-Svidler,P (2732)/RUS-ch Moscow/2007/})
20... Bh3 (20... Bxf3 21. Nxf3 Qxf3 22. Qxf3 (22. Bg5 $14) 22... Rxf3 23. Bd2
$14 {[%csl Gb3,Gd2][%cal Ge1e8,Ya2a4] /+/- is once again the typical pleasant
_|_ - White has a ^^, the <->e and chances to play on the << with a4.}) 21. Qf2
{[%cal Yb3d1,Yd2e4] /\Bd1,Ne4} Bf5 (21... Re8 $6 22. Bxd5 $1 cxd5 23. Bf4 $16)
(21... Bd7 $2 22. Ne4 $1 Rxf3 23. Bd1 $18) 22. a4 Bd3 23. axb5 axb5 24. Qg2 {
[%cal Rd2e4] /\Ne4 Only four moves after White's novelty Black has little to
show in the way of compensation.} Bb8 25. g4 $1 Qg6 26. Bxd5 cxd5 27. Nb3 $16
h5 (27... b4 28. cxb4 Rb6 29. Nc5 $16 {/\} Rxb4 $2 30. Qd2 $18) 28. g5 Re6 29.
Nc5 Re7 30. Qd2 Bc2 (30... Bf5 31. Bf4 Rxe1+ 32. Rxe1 f6 $5 $16) 31. Bf4 {
Further simplification is inevitable.} Bxf4 32. Qxf4 Rxe1+ 33. Rxe1 f6 34. Nd7
$5 {[%mdl 4096] Still aims for the _|_.} ({White spurns any plausible, but
more complex alternatives such as} 34. Ne6 Re8 35. Kf2 Bf5 36. Nc7 {/\} Rxe1
37. Kxe1 fxg5 38. Qe5 $16) (34. Re7 fxg5 35. Qe5 $36) 34... Re8 (34... Rd8 35.
Qc7 (35. Re7 Bf5 $1 {is less convincing}) 35... Qxg5+ 36. Kh1 Ra8 37. Nb6 Rf8
38. Rg1 $18 {->}) 35. Rxe8+ Qxe8 36. Qb8 $1 Qxb8 37. Nxb8 fxg5 38. Na6 Bb3 (
38... Kf7 39. Nc7 $16) 39. Nc7 Bc4 40. Ne6 g4 (40... Kf7 41. Nxg5+ Kf6 42. h4
$16) 41. fxg4 hxg4 42. Kf2 Kf7 43. Nc5 {[%cal Rb2b3] /\b3} b4 (43... Ba2 44.
Kg3 Ke7 45. Kxg4 Bb1 $16 {/+- was more resilient, although the extra P and
better N should suffice for a technical win in the end. Now White's task is
far easier.}) 44. cxb4 Kf6 45. Na4 $1 $18 {[%csl Gb4,Rg4][%cal Ra4c3] /\Nc3,
o^b4, ><g4} Ke6 46. Nc3 Bd3 47. Kg3 Bf5 48. Kf4 g6 49. b5 Kd6 50. b6 (50. Kg5
$18) (50. b6 Be6 (50... Kc6 51. Nxd5 $18) (50... Bc8 51. Nb5+ $18) 51. b7 Kc7
52. Na4 $18 {[%cal Ra4c5] /\Nc5}) 1-0

[Event "George Marx Memorial 4th"]
[Site "Paks"]
[Date "2006.07.28"]
[Round "1"]
[White "Acs, Peter"]
[Black "Harikrishna, Pentala"]
[Result "0-1"]
[WhiteElo "2520"]
[BlackElo "2682"]
[Annotator "Szabo,Kr"]
[PlyCount "84"]
[EventDate "2006.07.28"]
[EventType "tourn"]
[EventRounds "10"]
[EventCountry "HUN"]
[EventCategory "15"]
[SourceTitle "CBM 113 Extra"]
[Source "ChessBase"]
[SourceDate "2006.09.14"]
[SourceVersion "1"]
[SourceVersionDate "2006.09.14"]
[SourceQuality "1"]

1. e4 e5 2. Nf3 Nc6 3. Bb5 a6 4. Ba4 Nf6 5. O-O Be7 6. Re1 b5 7. Bb3 O-O 8. c3
d5 9. exd5 Nxd5 10. Nxe5 Nxe5 11. Rxe5 c6 12. d4 Bd6 13. Re1 Qh4 14. g3 Qh3 15.
Be3 Bg4 16. Qd3 f5 17. f4 Kh8 18. Bxd5 cxd5 19. Nd2 Qh5 (19... g5 $1 20. Qf1
Qh5) 20. Qf1 (20. a4 b4) 20... Rae8 21. Qg2 Re4 $5 22. Nxe4 fxe4 23. h4 h6 24.
Qh2 Rf6 25. a4 (25. b4 Rg6 $1 (25... Bf3 26. a4 g5 27. hxg5 Qxh2+ 28. Kxh2 hxg5
29. fxg5 Rf7 30. g6 Rf6 31. Bf4 $18) 26. a4 Bd7 27. axb5 Qf3 $132) 25... Rg6 (
25... b4 26. cxb4 Bxb4 27. Rec1) 26. axb5 axb5 27. Kf1 $6 (27. Kf2 Bd1 $44 (
27... Bh3 $6 28. Qh1 Qg4 29. Rg1 Be7 30. Ra7 $16)) (27. Ra7 Bd1) (27. Ra6 Bf3 (
27... Bd1 28. Rf1 Kh7 $44) 28. Rea1 Qg4 29. Kf2 Bd1 30. Ke1 Bb3 $44) 27... Bd7
28. Qe2 Qf5 {/\ b4 ><f1} 29. Qg2 b4 $1 30. Ke2 Bb5+ (30... Be7 31. Qf2 Qg4+ 32.
Kd2 Rb6 $44) 31. Kd2 Bd3 32. Qf2 Be7 33. g4 Rxg4 (33... Qc8 34. f5 bxc3+ 35.
bxc3 Rb6 36. Ra2) 34. Rg1 bxc3+ 35. bxc3 Bxh4 36. Qh2 Rxg1 (36... Qh5) 37. Rxg1
(37. Qxg1) 37... Bf6 $19 38. Qg3 Qc8 39. f5 Qb7 (39... Qxf5 40. Bxh6) (39...
Qa8) 40. Bxh6 Qb2+ 41. Ke3 Qe2+ 42. Kf4 Qd2+ 0-1

[Event "Las Palmas"]
[Site "Las Palmas"]
[Date "1993.??.??"]
[Round "6"]
[White "Anand, Viswanathan"]
[Black "Topalov, Veselin"]
[Result "1-0"]
[WhiteElo "2710"]
[BlackElo "2635"]
[Annotator "Wedberg,T"]
[PlyCount "79"]
[EventDate "1993.06.??"]
[EventType "tourn"]
[EventRounds "9"]
[EventCountry "ESP"]
[EventCategory "16"]
[SourceTitle "CBM 036"]
[Source "ChessBase"]
[SourceDate "1993.10.01"]
[SourceVersion "1"]
[SourceVersionDate "1993.10.01"]
[SourceQuality "1"]

1. e4 e5 2. Nf3 Nc6 3. Bb5 a6 4. Ba4 Nf6 5. O-O Be7 6. Re1 b5 7. Bb3 O-O 8. c3
d5 9. exd5 Nxd5 10. Nxe5 Nxe5 11. Rxe5 c6 12. d4 Bd6 13. Re1 Qh4 14. g3 Qh3 15.
Be3 Bg4 16. Qd3 Rae8 17. Nd2 f5 18. Qf1 Qh5 19. f4 Kh8 20. Bxd5 cxd5 21. Qg2 $5
(21. a4 bxa4 (21... g5 22. axb5 axb5 23. fxg5 Rxe3 24. Rxe3 f4 25. gxf4 Bxf4
26. Rg3 Qxg5 27. Kh1 Bd6 28. Qg2 Bxg3 29. Qxg3 h5 30. Rf1 Rxf1+ 31. Nxf1 Qc1
32. Kg1 Qxb2 33. h3 Bd1 34. Ne3 Qb1 35. Kg2 {+/-/+- Nunn}) 22. Rxa4 g5 23. Raa1
Re6 24. fxg5 Rfe8 25. Qf2 h6 {Nunn}) 21... Re4 22. h4 h6 23. Nxe4 fxe4 24. Rf1
Rf6 $5 $146 (24... g5 25. Qh2 $1 gxf4 26. Bxf4 Rxf4 27. Rxf4 Bxf4 28. gxf4 e3
29. Qg3 e2 30. Kf2 Qf5 31. h5 {+- Klover-Kant, Ostrava 1981}) 25. a4 Rg6 26.
axb5 axb5 $5 27. f5 $5 (27. Ra7 Bf3 28. Qh3 (28. Qh2 $2 Qg4 29. Kf2 Be2 $40)
28... Bg4 29. Qh2 Bf3 {/\ Qg4} 30. Re1 (30. Qh3 Bg4 $10) 30... Qg4 31. Kf2 Bd1
32. Qg2 Bf3 33. Qg1 $13) 27... Bxf5 28. Bf4 Be7 29. Be5 Bxh4 30. Ra7 Bxg3 $1 (
30... Bf6 $6 31. Bxf6 Rxf6 (31... gxf6 32. Ra8+ Kh7 33. Rfa1 $40) 32. g4 $1
Bxg4 33. Rxf6 gxf6 34. Qg3 Qg5 35. Qb8+ Qg8 36. Qxg8+ Kxg8 37. Kf2 $18) (30...
e3 $2 31. Qxd5 $18) 31. Bxg3 e3 32. Re7 Be4 33. Re8+ $1 Kh7 34. Rxe4 dxe4 35.
Qxe4 (35. Re1 $2 Qf3 $17) (35. Rf4 $5 Qg5 36. Kh2 Qh5+ 37. Rh4 Qf3 38. Qxf3
exf3 39. Rf4 f2 40. Rf3 Re6 41. d5 e2 42. Bxf2 e1=Q 43. Bxe1 Rxe1 $10) 35...
Qh3 $2 (35... e2 $1 36. Re1 (36. Rf3 $4 Qxf3 37. Qxf3 e1=Q+ $19) (36. Rf8 Qh3
37. Rh8+ (37. Rf3 $6 h5 38. Kf2 Qf1+ 39. Ke3 e1=Q+ 40. Bxe1 Qxe1+ {With at
least a draw}) 37... Kxh8 38. Qxg6 Qf1+ 39. Kh2 e1=Q 40. Bxe1 Qxe1 $10) 36...
Qh3 37. Rxe2 Qxg3+ 38. Rg2 Qxg2+ 39. Qxg2 Rxg2+ 40. Kxg2 $10) 36. Rf3 e2 {
/\ h5-h4} 37. Qb1 $1 $18 {/\ Kf2} (37. Kf2 $2 Qf1+ $10) 37... h5 38. Kf2 h4 39.
Be5 Qg2+ 40. Ke3 1-0

[Event "Donner Memorial"]
[Site "Amsterdam"]
[Date "1996.08.24"]
[Round "7"]
[White "Ivanchuk, Vassily"]
[Black "Sokolov, Ivan"]
[Result "1-0"]
[WhiteElo "2730"]
[BlackElo "2670"]
[Annotator "Wedberg,T"]
[PlyCount "73"]
[EventDate "1996.08.17"]
[EventType "tourn"]
[EventRounds "11"]
[EventCountry "NED"]
[EventCategory "16"]
[SourceTitle "CBM 055"]
[Source "ChessBase"]
[SourceDate "1996.12.01"]
[SourceVersion "1"]
[SourceVersionDate "1996.12.01"]
[SourceQuality "1"]

1. e4 {Petursson Ftacnik} e5 2. Nf3 Nc6 3. Bb5 a6 4. Ba4 Nf6 5. O-O Be7 6. Re1
b5 7. Bb3 O-O 8. c3 d5 9. exd5 Nxd5 10. Nxe5 Nxe5 11. Rxe5 c6 12. d3 Bd6 13.
Re1 Qh4 14. g3 Qh3 15. Re4 Qd7 16. Nd2 Bb7 (16... f5 $6 {Ftacnik} 17. Re1 Kh8
18. f4 $1 g5 19. Nf3 gxf4 20. Bxd5 cxd5 21. Bxf4 $16) 17. Qf1 $5 $146 {This
opens for Bd1-f3 closing the potentially vulnerable long white diagonal.} (17.
Nf3 c5 18. a4 b4 19. Ne5 Qc7 20. Nc4 bxc3 $17 {De Firmian,N-Wahls,M/Biel (12) ;
CBM 19 1990/0-1 (57)}) (17. Re1 c5 18. Ne4 Be7 19. Qh5 (19. Bg5 f6 20. Be3 Rac8
21. Nd2 Kh8 22. d4 c4 23. Bc2 f5 24. Qh5 Qc6 25. f3 g6 26. Qh6 Bf6 $44 {
0-1 Anka,E-Von Buelow,G/Hamburg op (01) ;EXT 92op 1992 (45)}) (19. d4 c4 20.
Bc2 h6 21. f3 f5 22. Nf2 Bd6 23. Bd2 Rae8 24. Rxe8 Rxe8 25. Qf1 $14 {1-0
Kveinys,A-Wegner,H/Kuopio op (07) ;EXT 92op 1992 (29)}) (19. f3 $6 Kh8 20. Bd2
f5 21. Nf2 f4 $1 22. Ne4 fxg3 23. hxg3 Qh3 $36 {1/2-1/2 Leko,P-Sokolov,I/
Groningen (06) ;CBM 51 1995 (44)}) 19... Kh8 20. Ng5 Nf6 21. Qh3 Qc6 22. f3 c4
23. dxc4 bxc4 24. Bc2 Bc5+ 25. Kf1 h6 $13 {1/2-1/2 Anand,V-Ivanchuk,V/London
PCA (04) [2] ;EXP 42 1994 (33)}) 17... c5 18. Re1 Kh8 (18... Rae8 {Ftacnik} 19.
Ne4 Be7 20. Bg5 $16) 19. a4 f5 20. axb5 axb5 21. Rxa8 Bxa8 22. Bd1 $1 g5 (22...
f4 23. Bf3 (23. g4 f3 24. Bxf3 Nf4 $36) 23... fxg3 24. hxg3 $16 (24. fxg3 $16 {
Ftacnik})) 23. Nf3 g4 (23... f4 $5 {Ftacnik} 24. Ne5 (24. Nxg5 fxg3 25. hxg3
Bxg3 26. Ne4 Bf4 27. Bxf4 Nxf4 28. Re3 $13) 24... Qb7 25. Bf3 (25. f3 fxg3 26.
hxg3 Qc7 $132) 25... Qg7 (25... fxg3 26. fxg3 Bxe5 27. Rxe5 g4 28. Bh6 $18) 26.
Bxd5 Bxd5 $14) 24. Ne5 Qb7 25. f3 (25. f4 {Ftacnik} Nxc3 26. bxc3 (26. Bf3 Nd5
$10) 26... Qh1+ 27. Kf2 Qxh2+ 28. Ke3 Qxg3+ 29. Kd2 Bg2 30. Qg1 Qxf4+ 31. Kc2
Qa4+ 32. Kb1 Qa8 33. Bb2 $14) 25... Kg7 (25... Qg7 {Ftacnik} 26. d4 cxd4 27.
cxd4 Bb4 28. Re2 f4 29. Rg2 $1 $16) 26. Qf2 Qc7 27. Qd2 Bxe5 (27... f4 {Ftacnik
} 28. gxf4 (28. Nxg4 {Petursson} fxg3 {and Black keeps some counterchances for
the pawn}) 28... gxf3 29. Qf2 $16 (29. Qf2 Kh8 30. Bxf3 (30. Qh4 $2 Qg7+) 30...
Nxf4 31. Bxf4 Rxf4 {Here Black has good drawing chances})) 28. Qh6+ Kf7 (28...
Kg8 {Ftacnik} 29. Qe6+ Qf7 30. Qxe5 $18) 29. Qxh7+ Bg7 (29... Kf6 30. Qh5 $1 (
30. Qh6+ Kf7) 30... gxf3 (30... Bxg3 31. Bg5+ Kg7 32. Re6 $18) 31. Bg5+ Ke6 (
31... Kg7 32. Bh6+ Kg8 33. Bxf8 $18) 32. Qh6+ (32. d4 cxd4 33. cxd4 Kd7 34.
Rxe5 $18) 32... Kf7 33. Bxf3 Qd6 34. Rxe5 Qxe5 35. Qh7+ Ke6 36. Bxd5+ Kxd5 37.
Qd7+ Qd6 38. c4+ $18) (29... Ke6 30. Qxc7 Nxc7 31. Bf4 $18) 30. Bh6 $18 Rg8 (
30... Kf6 {Ftacnik} 31. f4 Bxh6 (31... Rh8 32. Bg5+ Kf7 33. Qxf5+ Bf6 34. c4
$18) 32. Qxh6+ Kf7 33. Re6 $18 (33. Re6 Rd8 34. Rg6 $18)) 31. Bxg7 Rxg7 32.
Qxf5+ Nf6 (32... Kg8 {Ftacnik} 33. Re8#) 33. Bb3+ c4 34. dxc4 bxc4 (34... Qd8 {
Ftacnik} 35. Rd1 Qe7 36. cxb5+ $18) 35. Qe6+ Kg6 (35... Kf8 {Ftacnik} 36. Qxf6+
Kg8 37. Re8+ Kh7 38. Bc2+) 36. Bc2+ Kh5 37. Re5+ {Mate in 4} (37. Re5+ {Ftacnik
} Rg5 38. Rxg5+ Kxg5 39. Qf5+ Kh6 40. Qg6#) 1-0

[Event "Sao Paulo zt"]
[Site "Sao Paulo"]
[Date "1993.??.??"]
[Round "8"]
[White "Milos, Gilberto"]
[Black "Egger Mancilla, Jorge Alejandro"]
[Result "1-0"]
[WhiteElo "2560"]
[BlackElo "2410"]
[Annotator "Wedberg,T"]
[PlyCount "77"]
[EventDate "1993.??.??"]
[EventType "swiss"]
[EventRounds "9"]
[EventCountry "BRA"]
[SourceTitle "CBM 036"]
[Source "ChessBase"]
[SourceDate "1993.10.01"]
[SourceVersion "1"]
[SourceVersionDate "1993.10.01"]
[SourceQuality "1"]

1. e4 e5 2. Nf3 Nc6 3. Bb5 a6 4. Ba4 Nf6 5. O-O Be7 6. Re1 b5 7. Bb3 O-O 8. c3
d5 9. exd5 Nxd5 10. Nxe5 Nxe5 11. Rxe5 c6 12. d4 Bd6 13. Re1 Qh4 14. g3 Qh3 15.
Re4 g5 16. Qf3 Bf5 17. Bc2 (17. Bxd5 cxd5 18. Re3 Rae8 $10) 17... Bxe4 (17...
Bf4 $5 18. Nd2 Nf6 19. Re1 Bxc2 20. gxf4 g4 {+/= Nunn}) 18. Bxe4 Qe6 19. Bxg5
f5 20. Bd3 Qe1+ $2 (20... h6 $1 21. Bd2 Ra7 {~/= /\ Rg7, f4 Nunn}) 21. Kg2 Rae8
22. Bd2 Qe6 23. Na3 $14 Bxa3 24. bxa3 Nb6 25. Re1 (25. Kg1 $5) 25... Qd5 26.
Rxe8 Rxe8 27. Bxf5 Nc4 (27... Re2 $5) 28. Bh6 $1 Re2 29. Qxd5+ cxd5 30. h4 Re8
$2 (30... Nxa3 $5 {/\ a5, b4, Nb5}) (30... Rxa2 31. h5 Rxa3 32. g4 Rxc3 33. g5
Nb6 34. Be6+ Kh8 35. g6 hxg6 36. hxg6 Rc7 37. f4 b4 38. f5 Rg7 39. Kf3 b3 40.
Kf4 b2 41. Kg5 b1=Q 42. Bxg7+ Kxg7 43. f6+ Kf8 44. g7+ Ke8 45. g8=Q#) 31. Bd7
$18 Re7 32. Bc6 Kf7 33. Bxd5+ Ke8 34. Bf4 Kd7 35. Bb7 a5 36. d5 b4 37. Bc6+ Kc8
38. cxb4 axb4 39. d6 1-0